Statystyki dla 1000 najpopularniejszych słów w języku polskim

Kliknij tutaj aby rozwiązać quiz!

Ogólne statystyki

  • Ten quiz został rozwiązany 3 350 razy
  • Średni wynik to 89 z 1000

Statystyki odpowiedzi

Słowa% Poprawnych
o
87%
a
86%
w
86%
i
83%
z
79%
po
78%
ja
77%
ni
73%
ku
71%
ty
68%
tak
67%
do
66%
na
66%
wy
65%
on
63%
u
63%
my
62%
nie
62%
się
59%
no
58%
co
57%
ona
53%
za
53%
bo
50%
pod
50%
pół
49%
jak
48%
ba
47%
to
47%
ze
46%
że
46%
kot
45%
pies
45%
by
44%
dom
42%
dzień
42%
mama
42%
ono
42%
go
41%
gdzie
40%
sto
40%
dwa
39%
kto
39%
nad
39%
od
39%
pięć
39%
trzy
39%
cztery
38%
dla
38%
jeden
38%
dziesięć
37%
dziewięć
37%
osiem
37%
sam
37%
siedem
37%
sześć
37%
czy
36%
kiedy
36%
ale
35%
tu
34%
we
34%
tam
33%
babcia
32%
dziadek
31%
lub
31%
woda
31%
cześć
30%
część
30%
może
30%
obok
30%
przed
29%
więc
29%
dlaczego
28%
koń
28%
raz
28%
samochód
28%
być
27%
jeść
27%
noc
27%
przy
27%
ręka
27%
telefon
27%
dobry
26%
dziecko
26%
gra
26%
morze
26%
pan
26%
praca
26%
tysiąc
26%
czemu
25%
gdy
25%
oko
25%
słońce
25%
czas
24%
nos
24%
ojciec
24%
ponieważ
24%
głowa
23%
jaki
23%
jej
23%
mój
23%
ów
23%
albo
22%
brat
22%
ile
22%
iść
22%
jedzenie
22%
koło
22%
lęk
22%
miasto
22%
siostra
22%
ten
22%
włosy
22%
drzewo
21%
drzwi
21%
jego
21%
jutro
21%
las
21%
los
21%
mieć
21%
okno
21%
rok
21%
usta
21%
wuj
21%
czego
20%
dać
20%
dwadzieścia
20%
dziś
20%
hej
20%
łóżko
20%
matka
20%
oczy
20%
słowo
20%
spać
20%
stół
20%
dziewczyna
19%
ich
19%
już
19%
kobieta
19%
nic
19%
twój
19%
tył
19%
żal
19%
ziemia
19%
dobrze
18%
mężczyzna
18%
miło
18%
piwo
18%
świat
18%
ucho
18%
żyć
18%
chleb
17%
chłopak
17%
droga
17%
godzina
17%
krzesło
17%
który
17%
nasz
17%
niebo
17%
obiad
17%
tutaj
17%
żeby
17%
16%
bóg
16%
córka
16%
deszcz
16%
miesiąc
16%
och
16%
oraz
16%
pięćdziesiąt
16%
spod
16%
syn
16%
teraz
16%
trzydzieści
16%
wczoraj
16%
brzuch
15%
czarny
15%
człowiek
15%
czterdzieści
15%
kraj
15%
lekarz
15%
mało
15%
miłość
15%
mówić
15%
nigdy
15%
palec
15%
ptak
15%
robić
15%
śniadanie
15%
zaraz
15%
zły
15%
ciebie
14%
coś
14%
dlatego
14%
dużo
14%
dwanaście
14%
grać
14%
język
14%
kochać
14%
lecz
14%
mąż
14%
pokój
14%
pole
14%
rad
14%
stary
14%
wieczór
14%
źle
14%
żona
14%
życie
14%
cel
13%
czym
13%
dłoń
13%
gdyż
13%
kiedyś
13%
kogo
13%
księżyc
13%
ktoś
13%
moc
13%
moje
13%
myśl
13%
państwo
13%
pisać
13%
potem
13%
serce
13%
tylko
13%
wasz
13%
zawsze
13%
bardzo
12%
czerwony
12%
długo
12%
dzisiaj
12%
jechać
12%
jeszcze
12%
mieszkanie
12%
pat
12%
policja
12%
południe
12%
prawo
12%
przez
12%
rano
12%
rodzina
12%
samolot
12%
sen
12%
spodnie
12%
stać
12%
tego
12%
też
12%
twarz
12%
tydzień
12%
wszystko
12%
zimno
12%
zza
12%
aby
11%
ani
11%
brać
11%
chyba
11%
ciepło
11%
ciotka
11%
daleko
11%
duży
11%
gdyby
11%
gdzieś
11%
11%
król
11%
muzyka
11%
owo
11%
papier
11%
ponad
11%
razem
11%
śmierć
11%
śnieg
11%
światło
11%
wino
11%
bez
10%
blisko
10%
ból
10%
czytać
10%
dół
10%
jako
10%
lud
10%
nauczyć
10%
nóż
10%
ogień
10%
pociąg
10%
szybko
10%
taki
10%
wiatr
10%
wiedzieć
10%
wiek
10%
aha
9%
chodzić
9%
ciało
9%
jakby
9%
jednak
9%
jeśli
9%
koniec
9%
lewo
9%
mózg
9%
myśleć
9%
nikt
9%
nowy
9%
powietrze
9%
rząd
9%
skąd
9%
sobie
9%
ubranie
9%
widzieć
9%
wolno
9%
chłopiec
8%
choć
8%
ciemno
8%
czasem
8%
dach
8%
drugi
8%
głos
8%
krótko
8%
ksiądz
8%
kupić
8%
list
8%
młody
8%
nawet
8%
para
8%
piętnaście
8%
plecy
8%
północ
8%
pora
8%
przyjąć
8%
rzecz
8%
siebie
8%
stan
8%
także
8%
wojna
8%
chwila
7%
dwór
7%
gotów
7%
inny
7%
jasno
7%
jeżeli
7%
każdy
7%
krew
7%
nazwisko
7%
nim
7%
obraz
7%
oczywiście
7%
oto
7%
pas
7%
plan
7%
poza
7%
pracować
7%
prawda
7%
przyjaciel
7%
radość
7%
równie
7%
siedzieć
7%
słuchać
7%
święta
7%
swój
7%
tamten
7%
tyle
7%
wielki
7%
wschód
7%
wszyscy
7%
wtedy
7%
zachód
7%
znać
7%
ależ
6%
bok
6%
czasami
6%
często
6%
czuć
6%
długi
6%
dokąd
6%
drogi
6%
dzięki
6%
dziewczynka
6%
gorąco
6%
gruby
6%
historia
6%
klucz
6%
krótki
6%
liczyć
6%
między
6%
miejsce
6%
miły
6%
niech
6%
niż
6%
osoba
6%
patrzeć
6%
początek
6%
pomiędzy
6%
pomoc
6%
prosto
6%
przecież
6%
radio
6%
również
6%
statek
6%
szczęście
6%
tato
6%
trzeba
6%
trzeci
6%
uśmiech
6%
wcześnie
6%
wiele
6%
wraz
6%
wyraz
6%
wysoki
6%
wziąć
6%
zamek
6%
zatem
6%
znak
6%
zrobić
6%
brak
5%
budynek
5%
byle
5%
chociaż
5%
cicho
5%
cóż
5%
czoło
5%
doktor
5%
głupi
5%
jakiś
5%
jakoś
5%
jakże
5%
kamień
5%
kilka
5%
mimo
5%
mowa
5%
nisko
5%
ostatni
5%
pewnie
5%
pewno
5%
pewny
5%
pięknie
5%
piękny
5%
pierś
5%
powiedzieć
5%
późno
5%
prawie
5%
rzadko
5%
schody
5%
słyszeć
5%
śmiech
5%
sposób
5%
trudno
5%
tuż
5%
wiadomo
5%
wyjść
5%
wysoko
5%
wzrok
5%
żaden
5%
zaś
5%
zdanie
5%
zdrowie
5%
zegarek
5%
ach
4%
adres
4%
bądź
4%
bowiem
4%
bynajmniej
4%
chory
4%
cokolwiek
4%
czyż
4%
dawno
4%
dym
4%
facet
4%
głośno
4%
krok
4%
łatwo
4%
lekko
4%
miał
4%
możliwe
4%
naraz
4%
niby
4%
nigdzie
4%
numer
4%
oddać
4%
odpowiedź
4%
około
4%
otóż
4%
owszem
4%
panna
4%
podczas
4%
pójść
4%
prosić
4%
pytanie
4%
razy
4%
robota
4%
ruch
4%
rzeczywiście
4%
siła
4%
skóra
4%
spokój
4%
sprzed
4%
środek
4%
stąd
4%
swoje
4%
wejść
4%
wiadomość
4%
widok
4%
wina
4%
właśnie
4%
własny
4%
wolny
4%
zanim
4%
znad
4%
znów
4%
brew
3%
broń
3%
brzeg
3%
były
3%
cień
3%
ciężko
3%
cisza
3%
czegoś
3%
czekać
3%
czyli
3%
dokładnie
3%
dopiero
3%
dość
3%
dostać
3%
dowód
3%
dwoje
3%
ego
3%
fakt
3%
gość
3%
jednakże
3%
jedno
3%
jedynie
3%
jedyny
3%
kiedykolwiek
3%
kochanie
3%
kogoś
3%
komuś
3%
krzyk
3%
ktokolwiek
3%
którego
3%
kula
3%
łódź
3%
mocno
3%
moment
3%
nagle
3%
naprzeciw
3%
niczego
3%
niestety
3%
nikogo
3%
oba
3%
oprócz
3%
podróż
3%
pomimo
3%
pomysł
3%
przeciw
3%
przyjść
3%
przynajmniej
3%
ramię
3%
rana
3%
rozmawiać
3%
słabo
3%
stanie
3%
strach
3%
święty
3%
szef
3%
szukać
3%
temat
3%
trzymać
3%
walka
3%
wcale
3%
wciąż
3%
wokół
3%
wóz
3%
wśród
3%
wszędzie
3%
zbyt
3%
znowu
3%
zobaczyć
3%
żołnierz
3%
biedny
2%
bob
2%
całkiem
2%
centrum
2%
cholera
2%
ciągle
2%
ciemność
2%
ciężki
2%
coraz
2%
czyżby
2%
dno
2%
dopóki
2%
duch
2%
dyrektor
2%
dziwnie
2%
dziwny
2%
dźwięk
2%
fala
2%
gardło
2%
generał
2%
gniew
2%
grupa
2%
któryś
2%
któż
2%
mgła
2%
mrok
2%
mur
2%
nadal
2%
napisać
2%
następnie
2%
następny
2%
natomiast
2%
natychmiast
2%
nieco
2%
niedaleko
2%
niemal
2%
nieraz
2%
nowo
2%
oboje
2%
odkąd
2%
ogromnie
2%
ogromny
2%
okres
2%
ostatnio
2%
otworzyć
2%
pamięć
2%
pamiętać
2%
pistolet
2%
ponadto
2%
poprzez
2%
potrzeba
2%
powód
2%
powoli
2%
poznać
2%
prawdopodobnie
2%
prędko
2%
problem
2%
przede
2%
przedmiot
2%
przedtem
2%
pusty
2%
reszta
2%
rozmowa
2%
rozumieć
2%
silny
2%
spokojnie
2%
spokojny
2%
spotkanie
2%
sprawa
2%
strażnik
2%
świetnie
2%
szkoda
2%
sztuka
2%
tom
2%
ton
2%
toteż
2%
tymczasem
2%
uczuć
2%
udać
2%
umrzeć
2%
umysł
2%
według
2%
wejście
2%
wewnątrz
2%
widać
2%
wieczorem
2%
wierzyć
2%
wobec
2%
wolność
2%
wówczas
2%
wracać
2%
wreszcie
2%
wrócić
2%
wypadek
2%
zabić
2%
zabrać
2%
zadanie
2%
zamiast
2%
zapach
2%
zewnątrz
2%
zimny
2%
znaleźć
2%
zostać
2%
zupełnie
2%
akurat
1%
atak
1%
autor
1%
ażeby
1%
błąd
1%
blask
1%
bronić
1%
całkowicie
1%
chętnie
1%
choćby
1%
cichy
1%
ciężar
1%
cios
1%
codziennie
1%
czymś
1%
dane
1%
dojść
1%
dookoła
1%
doskonale
1%
dosyć
1%
dotąd
1%
dotychczas
1%
dowiedzieć
1%
dusza
1%
dwaj
1%
działać
1%
dzieje
1%
dzieło
1%
gest
1%
głęboko
1%
głównie
1%
istota
1%
jednocześnie
1%
kapitan
1%
kawałek
1%
kilkanaście
1%
kolejny
1%
koniecznie
1%
kontakt
1%
korytarz
1%
kształt
1%
lada
1%
łagodnie
1%
łeb
1%
ledwie
1%
ledwo
1%
mary
1%
mianowicie
1%
miecz
1%
mistrz
1%
młodzieniec
1%
mnóstwo
1%
możliwość
1%
najpierw
1%
nareszcie
1%
naturalnie
1%
niedawno
1%
niedługo
1%
niegdyś
1%
niekiedy
1%
nieszczęście
1%
niewiele
1%
niezbyt
1%
nieźle
1%
obaj
1%
obcy
1%
obecnie
1%
obejrzeć
1%
oddech
1%
odejść
1%
oficer
1%
okropnie
1%
omal
1%
opowiedzieć
1%
opowieść
1%
osobiście
1%
ostatecznie
1%
ostro
1%
ostry
1%
pełen
1%
pewien
1%
płaszcz
1%
podnieść
1%
podobnie
1%
podobno
1%
podobny
1%
poeta
1%
pokazać
1%
póki
1%
pomocy
1%
porucznik
1%
pośród
1%
postać
1%
poważnie
1%
powrót
1%
prawdziwy
1%
prócz
1%
profesor
1%
prowadzić
1%
przeciwko
1%
przejść
1%
przestrzeń
1%
przykład
1%
przykro
1%
przypadek
1%
przyszłość
1%
pułkownik
1%
punkt
1%
rodzaj
1%
rozkaz
1%
ruszyć
1%
rzucić
1%
sędzia
1%
sens
1%
serdecznie
1%
sierżant
1%
silnik
1%
skończyć
1%
skoro
1%
skutek
1%
ślad
1%
słychać
1%
sporo
1%
spotkać
1%
sprawdzić
1%
stale
1%
stamtąd
1%
starzec
1%
strasznie
1%
system
1%
sytuacja
1%
szczególnie
1%
szczerze
1%
szczęśliwy
1%
szeroko
1%
szum
1%
teren
1%
tłum
1%
tytuł
1%
ucha
1%
uciekać
1%
uczucie
1%
usłyszeć
1%
uważać
1%
uważnie
1%
walczyć
1%
wesoło
1%
widocznie
1%
większość
1%
wkrótce
1%
właściwie
1%
wódz
1%
wrażenie
1%
wręcz
1%
wspaniale
1%
wszak
1%
wszelki
1%
wygląd
1%
wygodnie
1%
wyraźnie
1%
wzdłuż
1%
zacząć
1%
zająć
1%
zamiar
1%
zapomnieć
1%
zapytać
1%
zarazem
1%
zarówno
1%
zazwyczaj
1%
zdobyć
1%
zmienić
1%
znaczyć
1%
zostawić
1%
zresztą
1%
związek
1%
zwykle
1%
absolutnie
0%
bezpośrednio
0%
błyskawicznie
0%
charakter
0%
częściowo
0%
delikatnie
0%
dokoła
0%
dokonać
0%
doprawdy
0%
dosłownie
0%
dostatecznie
0%
dotrzeć
0%
dowódca
0%
drobne
0%
działo
0%
frank
0%
głąb
0%
głęboki
0%
gospodarz
0%
gwałtownie
0%
hrabia
0%
imperium
0%
istotnie
0%
kapelusz
0%
major
0%
milczenie
0%
naprzód
0%
nastrój
0%
nawzajem
0%
nazajutrz
0%
nazwać
0%
nerwowo
0%
niebawem
0%
niebezpieczeństwo
0%
niechętnie
0%
niecierpliwie
0%
niepewnie
0%
niepokój
0%
nieruchomo
0%
niespodziewanie
0%
nieustannie
0%
niewątpliwie
0%
niezależnie
0%
niezmiernie
0%
niezwykle
0%
obecność
0%
oddział
0%
odgłos
0%
odległość
0%
odnaleźć
0%
odpowiedzieć
0%
okazać
0%
okręt
0%
okrzyk
0%
opuścić
0%
ostrożnie
0%
otwarcie
0%
pewność
0%
początkowo
0%
poczucie
0%
pokład
0%
pomyśleć
0%
ponownie
0%
ponuro
0%
poradzić
0%
porozmawiać
0%
pospiesznie
0%
pośrodku
0%
potężny
0%
potrzebny
0%
powstrzymać
0%
pozbyć się
0%
pozostać
0%
pozwolić
0%
pragnienie
0%
proces
0%
przeciwnie
0%
przekonać
0%
przeważnie
0%
przeżyć
0%
przyjemność
0%
przypomnieć
0%
przyznać
0%
równocześnie
0%
rozdział
0%
słusznie
0%
służyć
0%
specjalnie
0%
spodziewać
0%
spojrzeć
0%
spojrzenie
0%
spośród
0%
spróbować
0%
stanowczo
0%
stanowisko
0%
starannie
0%
stopniowo
0%
świadomość
0%
świeżo
0%
swobodnie
0%
sygnał
0%
tłumaczyć
0%
towarzystwo
0%
trzej
0%
uczynić
0%
udział
0%
ukryć
0%
uprzejmie
0%
utrzymać
0%
uwierzyć
0%
uwolnić
0%
wbrew
0%
wedle
0%
winien
0%
wpływ
0%
wpół
0%
wprawdzie
0%
wprost
0%
wspomnienie
0%
wszakże
0%
wyjaśnić
0%
wyjątkowo
0%
wykorzystać
0%
wyłącznie
0%
wyobrazić
0%
wysokość
0%
wystarczająco
0%
względem
0%
zachować
0%
zachowanie
0%
zaledwie
0%
zapewne
0%
zatrzymać
0%
zauważyć
0%
zdecydowanie
0%
zgodnie
0%
złapać
0%
znaczenie
0%
znacznie
0%
zniszczyć
0%
zrozumieć
0%
zwłaszcza
0%
zwłoki
0%
zwrócić
0%

Rozkład punktacji

Percentyl według liczby udzielonych odpowiedzi

Procent ludzi z każdym wynikiem

Twoja historia wyników

Nie rozwiązałeś tego quizu